[Event "III Menorca Open 2024"]
[Site "Ciutadella de Menorca ESP"]
[Date "2024.04.07"]
[Round "9.3"]
[White "Dardha, Daniel"]
[Black "Chigaev, M."]
[Result "0-1"]
[WhiteElo "2630"]
[BlackElo "2621"]
[PlyCount "118"]
[EventDate "2024.04.02"]

1. d4 Nf6 2. c4 e6 3. Nf3 d5 4. Bg5 Be7 5. cxd5 exd5 6. Nc3 c6 7. Qc2 O-O 8. e3 h6 9. Bf4 Nh5 ({RR} 9... Bd6 10. Bxd6 Qxd6 11. Bd3 Be6 12. O-O Nbd7 13. Rfc1 Rfe8 14. a3 a5 15. Rab1 Bg4 16. Nd2 Be6 17. Na4 Rec8 18. h3 b5 19. Nc5 Nxc5 20. Qxc5 Qxc5 21. Rxc5 Nd7 22. Rc2 Nb6 23. Nb3 Nc4 24. Nc5 {Bruzon Batista,L (2650)-Garcia Pantoja,R (2500) Medellin 2017 1-0 (58)}) ({RR} 9... Bd6 10. Bg3 Bxg3 11. hxg3 Re8 12. Bd3 Nbd7 13. O-O Nf8 14. Rab1 N8d7 15. b4 a6 16. a4 b5 17. a5 Qe7 18. Rfe1 Bb7 19. e4 dxe4 20. Nxe4 Nxe4 21. Rxe4 Qd6 22. Rf4 Re7 23. Bh7+ Kf8 24. Bf5 {Danada,T (2189)-Bornholdt,J (2267) chess.com INT 2025 0-1 (37)}) 10. Be5 Nd7 11. g4 Nxe5 12. dxe5 $146 ({RR} 12. Nxe5 Nf6 13. Rg1 Nd7 14. Nf3 Nb6 15. O-O-O f5 16. Bd3 fxg4 17. Ne5 Rf6 18. Nxg4 Bxg4 19. Rxg4 Qf8 20. Rdg1 g5 21. f4 Re6 22. fxg5 hxg5 23. Qg2 Qh6 24. e4 dxe4 25. Nxe4 Rg6 26. Kb1 Rg7 {Braun,M (2155)-Toth,T (2000) Miskolc 1999 ½-½ (48)}) 12... Bxg4 13. Nd4 c5 14. Nf5 d4 15. Rg1 Bxf5 16. Qxf5 Bg5 17. O-O-O Qc8 18. Qxc8 Raxc8 19. Nd5 Rcd8 20. f4 Rxd5 21. fxg5 Rxe5 22. exd4 cxd4 23. gxh6 Rc8+ 24. Kb1 g6 25. Bg2 Rc7 26. Bf3 Kh7 27. Rxd4 Kxh6 28. Rc1 Ree7 29. Rf1 Rcd7 30. Rc4 Rd6 31. Rfc1 Rf6 32. R1c3 b6 33. Rc8 Nf4 34. a4 Re1+ 35. Ka2 Ne2 36. Bxe2 Rxe2 37. Rh3+ Kg7 38. Rc7 a5 39. Rb7 Re4 40. Ka3 Rff4 41. Rxb6 Rxa4+ 42. Kb3 Rab4+ 43. Rxb4 Re4 44. Kc3 Rxb4 45. b3 f5 46. Rg3 Re4 47. Rd3 f4 48. Rd5 f3 49. Rd2 Kf6 50. Rf2 Re3+ 51. Kd4 Rxb3 52. Ra2 Kf5 53. Rxa5+ Kg4 54. Ra2 g5 55. Ke4 Kh3 56. Kf5 g4 57. Kf4 Rb8 58. Ke3 Re8+ 59. Kf4 Rf8+ 0-1

[Event "Titled Tue 19th Nov Early"]
[Site "chess.com INT"]
[Date "2024.11.19"]
[Round "10"]
[White "Andreikin, D."]
[Black "Kamsky, G."]
[Result "1/2-1/2"]
[WhiteElo "2695"]
[BlackElo "2609"]
[PlyCount "117"]
[EventDate "2024.11.19"]

1. d4 Nf6 2. c4 e6 3. Nf3 d5 4. Bg5 Nbd7 5. e3 c6 6. Nbd2 Be7 7. Bd3 b6 8. O-O Bb7 9. cxd5 ({RR} 9. Rc1 O-O 10. cxd5 Nxd5 11. Bxe7 Qxe7 12. a3 c5 13. Qe2 cxd4 14. Nxd4 Rac8 15. Bb5 N7f6 16. Nc6 Bxc6 17. Bxc6 Rc7 18. Bb5 Rfc8 19. Rxc7 Qxc7 20. Ba6 Rd8 21. Nb3 e5 22. Rc1 Qd6 23. Qc4 g6 {Khenkin,I (2565)-Bilguun,S (2460) Dresden 2017 1-0 (51)}) ({RR} 9. Ne5 Nxe5 10. dxe5 Nd7 11. Bxe7 Qxe7 12. f4 f5 13. exf6 Qxf6 14. Qc2 g6 15. Kh1 O-O 16. e4 Nc5 17. e5 Qg7 18. Rae1 Qh6 19. g3 Nxd3 20. Qxd3 Rad8 21. Qf3 c5 22. cxd5 Rxd5 23. Ne4 Kh8 {Laylo,D (2434)-Enriquez,R (2229) Tornelo INT 2021 ½-½ (39)}) 9... cxd5 10. Rc1 O-O 11. Ne5 $146 ({RR} 11. Qe2 a6 12. Rc2 Rc8 13. Rfc1 Rxc2 14. Rxc2 Qa8 15. Ne5 Bd6 16. f4 Rc8 17. Ndf3 h6 18. Bh4 Rxc2 19. Qxc2 Qc8 20. Nxd7 Nxd7 21. Qxc8+ Bxc8 22. Kf1 f6 23. h3 Kf7 24. Ke2 Nb8 25. Be1 Nc6 {Maderna,C-Eliskases,E Mar del Plata 1947 0-1 (74)}) 11... Rc8 12. f4 Rc7 13. Qa4 Nxe5 14. fxe5 Ng4 15. Bxe7 Qxe7 16. Rxc7 Qxc7 17. Re1 f6 18. Qd1 Nh6 19. Nf3 Nf7 20. Rf1 f5 21. g4 g6 22. gxf5 exf5 23. Qe1 Qe7 24. Qg3 Kh8 25. h4 Bc8 26. Rc1 Be6 27. Kf2 Rc8 28. Rxc8+ Bxc8 29. Qg1 Be6 30. Qc1 Qd7 31. Qc3 Kg7 32. Qa3 a5 33. Qc3 Qc8 34. Qb3 Qc6 35. Ne1 Nh6 36. Ng2 Ng4+ 37. Kg3 h6 38. Be2 g5 39. hxg5 hxg5 40. Bxg4 fxg4 41. Qc3 Qxc3 42. bxc3 Kg6 43. e4 dxe4 44. a3 b5 45. Ne3 Kf7 46. d5 Bxd5 47. Nxd5 Ke6 48. Ne3 Kxe5 49. Nxg4+ Kd5 50. Ne3+ Kc5 51. Kg4 b4 52. axb4+ axb4 53. cxb4+ Kxb4 54. Kxg5 Kc3 55. Kf4 Kd4 56. Nf5+ Kc5 57. Ne3 Kd4 58. Nf5+ Kc5 59. Kxe4 1/2-1/2

[Event "Titled Tue 28th Feb Late"]
[Site "chess.com INT"]
[Date "2023.02.28"]
[Round "5"]
[White "Swiercz, D."]
[Black "Andreikin, D."]
[Result "1/2-1/2"]
[WhiteElo "2646"]
[BlackElo "2729"]
[PlyCount "115"]
[EventDate "2023.02.28"]

1. d4 d5 2. c4 c6 3. Nf3 Nf6 4. Qb3 e6 5. g3 dxc4 6. Qxc4 b5 7. Qc2 Bb7 8. Bg2 Nbd7 9. O-O c5 10. Rd1 Rc8 ({RR} 10... a6 11. Nc3 Qb6 12. a4 cxd4 13. Nxd4 Bxg2 14. Kxg2 Bc5 15. Be3 Ng4 16. axb5 Nxe3+ 17. fxe3 O-O 18. bxa6 Rxa6 19. Rxa6 Qxa6 20. Qa4 Qb7+ 21. Qc6 Rb8 22. Na4 Bf8 23. Qxb7 Rxb7 24. Rd3 Rb4 25. b3 {Donchenko,A (2640)-Ambartsumova,K (2385) chess.com INT 2026 ½-½ (54)}) 11. Bf4 $146 ({RR} 11. Qb3 Qb6 12. a4 b4 13. a5 Qa6 14. dxc5 Bxc5 15. Qd3 Qxd3 16. exd3 Ke7 17. Nbd2 Bd5 18. Ne4 Rhd8 19. Nxc5 Nxc5 20. Be3 a6 21. d4 Ncd7 22. Rdc1 Be4 23. Ne5 Bxg2 24. Kxg2 Nxe5 25. dxe5 Nd5 {Charnushevich,A-Fernandez,R (2240) Bratislava 1993 ½-½ (47)}) ({RR} 11. a4 cxd4 12. Qb3 Bd5 13. Qd3 Nc5 14. Qxb5+ Nfd7 15. e4 Nxe4 16. Nxd4 Bc5 17. Bxe4 Bxe4 18. Nc3 Ba8 19. Bg5 Qxg5 20. Nxe6 Bxf2+ 21. Kxf2 Qxb5 22. Nxg7+ Kf8 23. axb5 Nc5 24. Nf5 Ne4+ 25. Nxe4 Bxe4 {Mamedyarov,S (2763)-Gelfand,B (2741) Moscow 2010 1-0 (63)}) 11... cxd4 12. Qd3 Qb6 13. Ne5 Bxg2 14. Kxg2 Bc5 15. Nd2 O-O 16. Ndf3 Qb7 17. Kg1 Nxe5 18. Bxe5 Ne4 19. Bxd4 Bxd4 20. Nxd4 Ng5 21. Nf3 Nxf3+ 22. exf3 h6 23. Rac1 a6 24. Kg2 Qb6 25. Rxc8 Rxc8 26. Qd6 Rc6 27. Qd8+ Qxd8 28. Rxd8+ Kh7 29. Rd2 g5 30. Kf1 Rc1+ 31. Ke2 Kg6 32. Rd1 Rc2+ 33. Rd2 Rc1 34. Rd1 Rc6 35. Rd8 Kf5 36. Kd2 e5 37. Rd7 f6 38. Rh7 Kg6 39. Ra7 h5 40. a3 h4 41. g4 Rd6+ 42. Ke2 Rb6 43. b4 Rc6 44. Kd2 Rd6+ 45. Ke2 f5 46. h3 f4 47. Ra8 Kf7 48. Ra7+ Kf6 49. Ra8 Rc6 50. Kd2 Rd6+ 51. Ke2 Kf7 52. Ra7+ Ke6 53. Rg7 Kf6 54. Ra7 Rc6 55. Kd2 Rd6+ 56. Ke2 Kg6 57. Re7 Kf6 58. Ra7 1/2-1/2

[Event "EU-chT (Men) 21st"]
[Site "Heraklion"]
[Date "2017.10.30"]
[Round "3.2"]
[White "Short, Nigel D"]
[Black "Duda, Jan Krzysztof"]
[Result "1/2-1/2"]
[WhiteElo "2698"]
[BlackElo "2706"]
[PlyCount "114"]
[EventDate "2017.10.28"]
[EventType "team-swiss"]
[EventRounds "9"]
[EventCountry "GRE"]
[SourceTitle "CBM 182"]
[Source "ChessBase"]
[SourceDate "2018.01.17"]
[SourceVersion "1"]
[SourceVersionDate "2018.01.17"]
[SourceQuality "1"]
[WhiteTeam "England"]
[BlackTeam "Poland"]
[WhiteTeamCountry "ENG"]
[BlackTeamCountry "POL"]

1. d4 Nf6 2. c4 c6 3. Nf3 d5 4. e3 e6 5. b3 c5 6. Bb2 cxd4 7. exd4 dxc4 ({RR} 7... Nc6 8. Nbd2 dxc4 9. bxc4 b6 10. Bd3 Bb7 11. O-O Be7 12. Qe2 O-O 13. Rad1 Rc8 14. Rfe1 Rc7 15. Ne4 Nb4 16. Nxf6+ Bxf6 17. Bb1 g6 18. a3 Bxf3 19. Qxf3 Nc6 20. Qe4 Bg7 21. h4 Na5 22. c5 {Caruana,F (2776)-Duda,J (2739) chess.com INT 2025 ½-½ (70)}) 8. bxc4 Qa5+ $146 ({RR} 8... Be7 9. Bd3 O-O 10. O-O b6 11. Nc3 Bb7 12. Qe2 Nbd7 13. Rfd1 Rc8 14. Rac1 Re8 15. Ng5 Nf8 16. Nce4 Nxe4 17. Nxe4 Ng6 18. g3 f5 19. Nd2 Bf6 20. Nb3 Qd7 21. f3 a5 22. Qf2 a4 23. Na1 {Perez,R (2362)-Grinberg,E (2492) New York 2022 0-1 (35)}) ({RR} 8... Be7 9. Bd3 O-O 10. O-O b6 11. Re1 Bb7 12. Qe2 Re8 13. Ne5 Nbd7 14. Nd2 Nxe5 15. dxe5 Nd7 16. Ne4 Nc5 17. Rad1 Nxd3 18. Rxd3 Qc7 19. Nd6 Bxd6 20. exd6 Qxc4 21. Bxg7 Ba6 22. Rg3 Qxe2 23. Rxe2 {Kappeler,K (2113)-Romanchuk,V (2266) chess.com INT 2024 ½-½}) 9. Nbd2 Ba3 10. Qc1 Bxb2 11. Qxb2 Nc6 12. Be2 Qb4 13. O-O-O b6 14. Qxb4 Nxb4 15. Kb2 Bb7 16. Ne5 O-O 17. Bf3 Bxf3 18. Ndxf3 Rac8 19. Rhe1 h6 20. g4 Rfd8 21. h4 Nd7 22. Kb3 Nxe5 23. Nxe5 Nc6 24. Nxc6 Rxc6 25. a4 Rdc8 26. Rc1 Kf8 27. h5 g6 28. hxg6 fxg6 29. Re4 Kg7 30. Kb4 a6 31. Rc3 Rf8 32. f4 h5 33. gxh5 gxh5 34. a5 bxa5+ 35. Kxa5 Kg6 36. c5 Kf5 37. Re5+ Kg4 38. Rg5+ Kxf4 39. Rxh5 Ke4 40. Kb4 Kxd4 41. Rc4+ Kd3 42. Rh3+ Kd2 43. Rh2+ Kd3 44. Rh3+ Kd2 45. Rcc3 Rf2 46. Rhd3+ Ke2 47. Rd6 Rxd6 48. cxd6 Rf8 49. Rc7 e5 50. Re7 Kd3 51. Rxe5 Kd4 52. Re7 Rb8+ 53. Ka5 Kc5 54. d7 Kd6 55. Re8 Rb5+ 56. Kxa6 Kxd7 57. Kxb5 Kxe8 1/2-1/2

[Event "Bundesliga 0708"]
[Site "Germany"]
[Date "2008.03.09"]
[Round "11.1"]
[White "Landa, Konstantin"]
[Black "Kasimdzhanov, Rustam"]
[Result "1/2-1/2"]
[WhiteElo "2678"]
[BlackElo "2690"]
[PlyCount "113"]
[EventDate "2007.10.20"]
[EventType "team-tourn"]
[EventRounds "15"]
[EventCountry "GER"]
[SourceTitle "CBM 123"]
[Source "ChessBase"]
[SourceDate "2008.04.02"]
[SourceVersion "1"]
[SourceVersionDate "2008.04.02"]
[SourceQuality "1"]
[WhiteTeam "Muelheim"]
[BlackTeam "Godesberg"]
[WhiteTeamCountry "GER"]
[BlackTeamCountry "GER"]

1. c4 c6 2. d4 d5 3. Nf3 Nf6 4. Qb3 e6 5. Bg5 h6 6. Bxf6 ({RR} 6. Bh4 g5 7. Bg3 Ne4 8. Nc3 Nxg3 9. hxg3 Bg7 10. e3 Nd7 11. Bd3 Rb8 12. cxd5 cxd5 13. g4 a6 14. Ne2 Nf6 15. Ne5 Nd7 16. Nf3 Nf6 17. Ne5 Nd7 18. f4 gxf4 19. exf4 Nxe5 20. dxe5 Qa5+ {Kramnik,V (2799)-Van Wely,L (2681) Wijk aan Zee 2008 ½-½}) ({RR} 6. Bh4 dxc4 7. Qxc4 b5 8. Qc2 Bb7 9. e3 Nbd7 10. a4 Rc8 11. Nbd2 g5 12. Bg3 Bb4 13. Be2 c5 14. d5 exd5 15. Bxb5 a6 16. Bd3 Ne4 17. Bxe4 dxe4 18. Ne5 Nxe5 19. Bxe5 Bxd2+ 20. Qxd2 Qxd2+ {Sokolov,I (2592)-Van Wely,L (2629) Venlo NED 2025 ½-½ (41)}) 6... Qxf6 7. Nbd2 a5 8. g3 $146 ({RR} 8. a3 Nd7 9. e4 dxe4 10. Nxe4 Qf4 11. Bd3 Be7 12. O-O O-O 13. Rfe1 Rd8 14. Rad1 b6 15. d5 cxd5 16. cxd5 a4 17. Qc2 Nc5 18. Bc4 exd5 19. Nxc5 Qxc4 20. Qxc4 dxc4 21. Rxd8+ Bxd8 22. Re8+ Kh7 {Gorovets,A (2495)-Panchanatham,V (2431) Charlotte 2018 ½-½}) 8... a4 9. Qc3 c5 10. e3 Nc6 11. a3 Bd6 12. Bg2 O-O 13. O-O b6 14. Rfe1 Bb7 15. Rac1 Rfd8 16. cxd5 exd5 17. Qd3 c4 18. Qc3 b5 19. e4 Bf8 20. exd5 Ne7 21. Ne4 Qb6 22. d6 Nd5 23. Qc2 Bxd6 24. Nxd6 Rxd6 25. Nh4 g6 26. Qd2 Kg7 27. Re5 Rad8 28. Rce1 Rf6 29. Be4 Nc7 30. Bxb7 Qxb7 31. Rd1 Ne6 32. Qe3 Ng5 33. g4 Rf3 34. Nxf3 Nxf3+ 35. Kf1 Nxe5 36. Qxe5+ f6 37. Qe6 Rd5 38. Rd2 h5 39. h3 Qf7 40. Qc6 hxg4 41. hxg4 Qd7 42. Qxd7+ Rxd7 43. Ke2 Kf7 44. Kd1 Ke6 45. Kc2 Rh7 46. Kc3 Rh3+ 47. Kb4 Rb3+ 48. Kc5 c3 49. Re2+ Kd7 50. bxc3 Rxc3+ 51. Kxb5 Rxa3 52. Kb4 Rf3 53. Ra2 Kd6 54. Kc4 a3 55. Ra1 f5 56. gxf5 gxf5 57. Ra2 1/2-1/2

[Event "Bundesliga 1112"]
[Site "Germany"]
[Date "2011.11.20"]
[Round "5.2"]
[White "Fressinet, Laurent"]
[Black "Bartel, Mateusz"]
[Result "1/2-1/2"]
[WhiteElo "2696"]
[BlackElo "2627"]
[PlyCount "113"]
[EventDate "2011.10.14"]
[EventType "team-tourn"]
[EventRounds "15"]
[EventCountry "GER"]
[SourceTitle "CBM 146"]
[Source "ChessBase"]
[SourceDate "2012.01.18"]
[SourceVersion "1"]
[SourceVersionDate "2012.01.18"]
[SourceQuality "1"]
[WhiteTeam "Werder Bremen"]
[BlackTeam "Wattenscheid"]
[WhiteTeamCountry "GER"]
[BlackTeamCountry "GER"]

1. d4 d5 2. c4 e6 3. Nf3 c6 4. Qc2 dxc4 5. Qxc4 Nf6 6. g3 b5 7. Qc2 Bb7 8. Bg2 Nbd7 9. Ne5 Qb6 10. Nxd7 Nxd7 11. Nc3 c5 12. d5 Nf6 ({RR} 12... b4 13. Na4 Qa5 14. O-O Bxd5 15. Bxd5 exd5 16. Rd1 Nf6 17. Bg5 Rd8 18. e4 Be7 19. Bxf6 Bxf6 20. Nxc5 Rc8 21. Rxd5 O-O 22. Qa4 Qxa4 23. Nxa4 Rfe8 24. Re1 Rc2 25. e5 Bd8 26. Kf1 Bc7 27. h4 {Petrovic,A (2273)-Janjic,S (2046) Belgrade SRB 2025 1-0 (45)}) 13. e4 b4 14. Na4 Qb5 $146 ({RR} 14... Qa6 15. dxe6 Qxe6 16. O-O Rc8 17. f4 Be7 18. f5 Qa6 19. e5 Bxg2 20. Qxg2 Nd7 21. b3 O-O 22. Bf4 c4 23. Rad1 Rfd8 24. Qe2 Nb6 25. f6 gxf6 26. Bh6 f5 27. e6 f6 28. Rxd8+ Rxd8 29. Qh5 {Gledura,B (2620)-Daggupati,B (2331) Chesterfield 2020 1-0 (36)}) ({RR} 14... Qa6 15. dxe6 Qxe6 16. O-O Rc8 17. f4 Be7 18. f5 Qa6 19. e5 Bxg2 20. Qxg2 Nd7 21. b3 O-O 22. Bf4 c4 23. Rad1 Rfd8 24. Qe2 Nb6 25. f6 gxf6 26. Bh6 f5 27. e6 f6 28. Rxd8+ Rxd8 29. Qh5 {Gledura,B (2620)-Daggupati,B (2331) Chesterfield 2020 1-0 (36)}) 15. dxe6 fxe6 16. b3 c4 17. bxc4 Rc8 18. cxb5 Rxc2 19. O-O Bxe4 20. Be3 Bxg2 21. Kxg2 Rc7 22. Rac1 Nd5 23. Bd4 Kf7 24. b6 axb6 25. Nxb6 Bd6 26. Rxc7+ Bxc7 27. Nxd5 exd5 28. Rc1 Bd6 29. Rc6 Rd8 30. Ra6 Rd7 31. Kf3 Be7 32. Ke2 g6 33. Kd3 Rb7 34. Ra7 Rb5 35. Kc2 Ke6 36. Ra6+ Kf5 37. f3 h5 38. Ra7 Bc5 39. Rf7+ Ke6 40. Rf6+ Ke7 41. Bb2 Bg1 42. Rxg6 Rc5+ 43. Kb3 d4 44. Kxb4 Rc2 45. Kb3 Rxh2 46. a4 Rf2 47. f4 Rg2 48. f5 d3 49. Bc3 Rf2 50. Re6+ Kd7 51. Re1 Bh2 52. Rh1 Bxg3 53. Rxh5 Bf4 54. f6 d2 55. Kc2 Rf1 56. Bxd2 Bxd2 57. Kxd2 1/2-1/2

[Event "Chessable Play-In Match D3"]
[Site "chess.com INT"]
[Date "2024.02.01"]
[Round "1.1"]
[White "Tabatabaei, M."]
[Black "Vidit, S."]
[Result "1/2-1/2"]
[WhiteElo "2696"]
[BlackElo "2747"]
[PlyCount "111"]
[EventDate "2024.02.01"]
[EventType "k.o."]

1. d4 d5 2. c4 e6 3. Nf3 Nf6 4. e3 Bd6 5. c5 Be7 6. b4 O-O ({RR} 6... b6 7. Bb2 a5 8. a3 O-O 9. Nbd2 axb4 10. axb4 Rxa1 11. Qxa1 bxc5 12. dxc5 c6 13. Bd3 Nbd7 14. O-O Bb7 15. e4 Qa8 16. e5 Ne8 17. Qxa8 Bxa8 18. Ra1 Nc7 19. Ra7 Rc8 20. Nb3 Bd8 21. Nbd4 {Nakamura,H (2807)-Klukin,K (2401) chess.com INT 2025 1-0 (44)}) 7. Bb2 b6 8. Nc3 a5 $146 ({RR} 8... c6 9. Bd3 Ba6 10. O-O Bxd3 11. Qxd3 Nbd7 12. Rfc1 Qc7 13. Rab1 Rfb8 14. Ba1 Qc8 15. h3 Bd8 16. Ne2 bxc5 17. dxc5 Ne4 18. Nd2 Nxd2 19. Qxd2 Bf6 20. Bxf6 Nxf6 21. a4 a6 22. Nd4 e5 23. Nf3 {Kramnik,V (2753)-Martinez Alcantara,J (2612) Madrid ESP 2024 ½-½ (40)}) 9. a3 c6 10. Bd3 Ba6 11. O-O Bxd3 12. Qxd3 Nbd7 13. Rfc1 Qb8 14. Qc2 Qb7 15. h3 Rfb8 16. Rcb1 Bd8 17. Na4 axb4 18. axb4 Ne4 19. Bc1 Bf6 20. Nd2 Nxd2 21. Bxd2 e5 22. dxe5 Bxe5 23. Bc3 Bxc3 24. Qxc3 bxc5 25. Nxc5 Nxc5 26. Rxa8 Qxa8 27. Qxc5 h6 28. Rc1 Qb7 29. Qxc6 Qxc6 30. Rxc6 Rxb4 31. Rd6 Rb1+ 32. Kh2 Rb2 33. Kg3 Rd2 34. Rd8+ Kh7 35. Kf3 h5 36. h4 g6 37. Ra8 Kg7 38. Ra6 d4 39. e4 Rd3+ 40. Ke2 Rb3 41. Rd6 Rb2+ 42. Kf3 Rb3+ 43. Kf4 Rb2 44. Kg3 Rd2 45. Kf3 Kf8 46. g3 Ke7 47. Ra6 Rb2 48. Ra4 Rd2 49. Ra6 Rb2 50. Ra4 Rd2 51. Ra7+ Ke6 52. Ra6+ Ke5 53. Ra5+ Ke6 54. Ra6+ Ke5 55. Ra5+ Ke6 56. Ra6+ 1/2-1/2

[Event "Titled Tue 7th Nov Late"]
[Site "chess.com INT"]
[Date "2023.11.08"]
[Round "11"]
[White "Firouzja, Alireza"]
[Black "Melkumyan, H."]
[Result "1-0"]
[WhiteElo "2777"]
[BlackElo "2650"]
[PlyCount "111"]
[EventDate "2023.11.07"]

1. d4 d5 2. c4 e6 3. g3 dxc4 4. Bg2 c5 5. Nf3 Nc6 6. Qa4 cxd4 7. O-O Bd7 8. Qxc4 e5 9. e3 Rc8 ({RR} 9... Be6 10. Qa4 Qd7 11. exd4 exd4 12. Rd1 Bc5 13. Nc3 Nge7 14. Ne4 Bb6 15. b4 O-O 16. b5 Na5 17. Nxd4 Bg4 18. Nf3 Qf5 19. Neg5 Rad8 20. Ba3 Rxd1+ 21. Rxd1 Re8 22. Re1 h6 23. h3 Bxf3 24. Nxf3 {Nakamura,H (2807)-Xiong,J (2650) chess.com INT 2025 1-0 (32)}) 10. Qe2 $146 ({RR} 10. exd4 Nxd4 11. Qd5 Ne2+ 12. Kh1 Rxc1 13. Nxe5 Rxf1+ 14. Bxf1 Bc6 15. Nxc6 Qxd5+ {0-1 (15) Jimenez Jimenez,L (2161)-Vetoshko,V (2506) chess.com INT 2024}) ({RR} 10. Qb5 Bd6 11. Qxb7 Nf6 12. exd4 e4 13. Ng5 Nxd4 14. Nc3 Bc6 15. Qxa7 Nc2 16. Rb1 Ra8 17. Qxf7# {1-0 (17) Pyrih,R (2399)-Xiong,J (2656) chess.com INT 2026}) 10... d3 11. Qxd3 Nf6 12. Nc3 Be7 13. Rd1 O-O 14. Ng5 h6 15. Nh7 Bg4 16. Nxf8 Bxd1 17. Qxd1 Qxd1+ 18. Nxd1 Kxf8 19. Bd2 Rd8 20. Be1 Nd5 21. a3 f5 22. e4 fxe4 23. Bxe4 Nf6 24. Bxc6 bxc6 25. Kf1 Nd5 26. Rc1 c5 27. Ke2 Kf7 28. f3 Ke6 29. Nf2 Rb8 30. Nd3 Rb3 31. Bf2 Nf6 32. Bxc5 e4 33. fxe4 Nxe4 34. Bxa7 Rb7 35. Be3 Rb8 36. b4 Bf6 37. Nc5+ Nxc5 38. Rxc5 Ra8 39. Ra5 Rc8 40. b5 Rc2+ 41. Kf3 Rxh2 42. b6 Rb2 43. a4 Rb3 44. Ke2 Rb2+ 45. Kd1 Rb3 46. Ra8 Be5 47. Bf2 Kd5 48. a5 Ke4 49. a6 Ra3 50. a7 Ra1+ 51. Ke2 Ra2+ 52. Kf1 Bd6 53. Re8+ Kf3 54. Re3+ Kg4 55. Rd3 Be5 56. Rd5 1-0

[Event "TechM GCL 2025"]
[Site "Mumbai IND"]
[Date "2025.12.17"]
[Round "4.2"]
[White "Erigaisi, Arjun"]
[Black "So, W."]
[Result "0-1"]
[WhiteElo "2775"]
[BlackElo "2753"]
[PlyCount "112"]
[EventDate "2025.12.14"]
[WhiteTeam "PBG Alaskan Knights"]
[BlackTeam "Upgrad Mumba Masters"]

1. d4 d5 2. c4 e6 3. Nf3 Nf6 4. cxd5 exd5 5. Nc3 c6 6. Bf4 Bf5 7. e3 Nbd7 8. Nh4 Be6 9. Bd3 g6 ({RR} 9... Ne4 10. Nf3 Bb4 11. Qc2 Qa5 12. O-O Nxc3 13. bxc3 Bxc3 14. Rab1 Bb4 15. Qb3 Be7 16. Qxb7 O-O 17. Qa6 Qxa6 18. Bxa6 c5 19. dxc5 Nxc5 20. Be2 Ne4 21. Be5 Rac8 22. Rfc1 Bc5 23. Bd4 Bf5 24. Bd3 {Rustemov,A (2525)-Nissinen,N (2208) chess.com INT 2026 1-0 (81)}) 10. Nf3 Nh5 11. Bg5 Be7 12. Bxe7 $146 ({RR} 12. Bh6 Ndf6 13. Bg5 O-O 14. h3 Nd7 15. Bxe7 Qxe7 16. O-O Rfe8 17. Qc2 Ng7 18. Rab1 a5 19. a3 Bf5 20. Na4 Bxd3 21. Qxd3 Nf5 22. Rfe1 Nd6 23. Nd2 b5 24. Nc3 Nb6 25. a4 b4 26. Ne2 Nxa4 {Rustemov,A (2525)-Yoo,C (2588) chess.com INT 2025 0-1 (68)}) 12... Qxe7 13. h3 Ng7 14. O-O Bf5 15. Re1 O-O 16. e4 dxe4 17. Nxe4 Nf6 18. Nc5 Qc7 19. Bc4 Rad8 20. Rc1 Rd6 21. a4 a5 22. Qb3 b6 23. Nd3 Bxd3 24. Qxd3 Nf5 25. Qc3 Nd5 26. Qd2 Kg7 27. Re5 Nb4 28. Rce1 Qd7 29. Qc3 Nd5 30. Bxd5 Rxd5 31. g4 Nh6 32. Re7 Qd6 33. R1e6 Qxe6 34. Rxe6 fxe6 35. Kg2 Rc8 36. Qe3 Re8 37. Qf4 Re7 38. Ne5 c5 39. dxc5 bxc5 40. Nc6 Red7 41. Nxa5 Nf7 42. Qe3 Ne5 43. Nb3 Nd3 44. Nd2 Re5 45. Ne4 g5 46. Kh2 c4 47. f3 Rb7 48. Qd4 Rxb2+ 49. Kg3 Kg6 50. Qd8 Rxe4 51. fxe4 Rb3 52. h4 Nf4+ 53. Kf2 gxh4 54. g5 Kh5 55. Qf6 Kg4 56. Ke1 h3 0-1

[Event "Airthings Masters Play-In"]
[Site "chess.com INT"]
[Date "2023.02.03"]
[Round "9"]
[White "Nakamura, Hi"]
[Black "Le, Quang Liem"]
[Result "1-0"]
[WhiteElo "2768"]
[BlackElo "2728"]
[PlyCount "109"]
[EventDate "2023.02.03"]

1. c4 e6 2. d4 Nf6 3. Nf3 d5 4. Bf4 dxc4 5. Qa4+ ({RR} 5. Nbd2 Bb4 6. a3 Bxd2+ 7. Qxd2 O-O 8. Bg5 b5 9. Qf4 Nc6 10. Rd1 Bb7 11. e4 Na5 12. e5 Nd5 13. Qg4 f5 14. exf6 Nxf6 15. Qxe6+ Kh8 16. Ne5 Qe8 17. Qxe8 Raxe8 18. f3 c5 19. Kf2 cxd4 {Mozharov,M (2558)-Kollars,D (2585) Chess.com INT 2020 0-1}) 5... Nbd7 6. Qxc4 c5 7. dxc5 ({RR} 7. e3 a6 8. Be2 b5 9. Qc2 Bb7 10. O-O cxd4 11. exd4 Rc8 12. Qd1 Nd5 13. Bg3 Be7 14. Nbd2 O-O 15. a4 Qb6 16. axb5 axb5 17. Bd3 Nb4 18. Bb1 Nf6 19. Nb3 Rfd8 20. Be5 Bd5 21. Nbd2 Nc6 {Shendrik,Z (1990)-Keetman,M (2155) Amsterdam NED 2026 0-1 (69)}) 7... Bxc5 $146 ({RR} 7... Nxc5 8. Nbd2 Bd7 9. e3 Rc8 10. Be2 Be7 11. O-O O-O 12. Qc2 Ba4 13. Qb1 Nd5 14. Be5 Bf6 15. Bxf6 Qxf6 16. b3 Nc3 17. Qe1 Bc6 18. Nd4 Bd5 19. Nc4 Nxe2+ 20. Qxe2 e5 21. Nf3 Bxf3 22. Qxf3 {Goriachkina,O (1748)-Kanter,E (1332) Satka 2022 ½-½ (50)}) 8. e3 a6 9. a4 O-O 10. Be2 b6 11. O-O Bb7 12. Nc3 Qe7 13. Rfd1 Rfc8 14. Qb3 h6 15. Bg3 Qe8 16. Nd2 Be7 17. Nc4 Ne4 18. Rxd7 Qxd7 19. Nxb6 Nd2 20. Qd1 Qc6 21. Ncd5 Bb4 22. Qxd2 Bxd2 23. Ne7+ Kf8 24. Nxc6 Rxc6 25. Nxa8 Bxa8 26. Rd1 Rc2 27. Be5 Be4 28. Bxa6 f6 29. Bd6+ Kf7 30. b4 Rb2 31. Bf1 Bxb4 32. Bxb4 Rxb4 33. Rd4 Rxd4 34. exd4 Ke7 35. f3 Bc6 36. a5 Kd6 37. Kf2 g5 38. Ke3 e5 39. dxe5+ Kxe5 40. g3 Kd5 41. Bd3 Kc5 42. f4 Bd5 43. fxg5 fxg5 44. a6 Kb6 45. Kd4 Bf3 46. Ke5 h5 47. Kf6 h4 48. Kxg5 hxg3 49. hxg3 Bd1 50. Kf4 Ka7 51. Ke3 Bg4 52. Be2 Bc8 53. Kf4 Kb6 54. g4 Bxg4 55. Kxg4 1-0

[Event "58th Biel GM1 Qual 2025"]
[Site "Biel SUI"]
[Date "2025.07.18"]
[Round "4.2"]
[White "Salem, AR."]
[Black "Fedoseev, Vl3"]
[Result "1-0"]
[WhiteElo "2627"]
[BlackElo "2739"]
[PlyCount "109"]
[EventDate "2025.07.15"]

1. d4 d5 2. c4 e6 3. Nf3 Nf6 4. g3 c6 5. Bg2 b6 6. O-O Be7 7. Nc3 O-O 8. b3 a5 9. Re1 ({RR} 9. Bb2 Ba6 10. Nd2 b5 11. Qc2 Nbd7 12. Rfd1 Rc8 13. e4 bxc4 14. bxc4 c5 15. exd5 cxd4 16. dxe6 fxe6 17. Nce4 e5 18. Ng5 Qb6 19. Rab1 Qd6 20. Qf5 g6 21. Qh3 Bxc4 22. Ba3 Qxa3 23. Nxc4 Qc5 {Flores,D (2551)-Mareco,S (2591) Perez, Santa Fe ARG 2025 1-0}) 9... Nbd7 10. Nd2 Ba6 11. e4 dxc4 $146 ({RR} 11... Rc8 12. Bb2 Bb7 13. exd5 cxd5 14. Rc1 Bb4 15. Nb5 Ba6 16. a3 Bxd2 17. Qxd2 a4 18. bxa4 dxc4 19. Bf1 Nd5 20. Bxc4 N7f6 21. Bf1 Qd7 22. Bc3 h6 23. Bb4 Rxc1 24. Rxc1 Rd8 25. Rb1 Rc8 26. Qe1 {Beltran Rueda,S (2404)-Ryan,J (2292) Barcelona 2010 ½-½ (46)}) 12. Nxc4 Bxc4 13. bxc4 e5 14. Ne2 exd4 15. Nxd4 Ne5 16. Bf4 Nfg4 17. Nxc6 Nxc6 18. Qxg4 Qc8 19. Qxc8 Raxc8 20. Bh3 Nd4 21. Bxc8 Nf3+ 22. Kf1 Nxe1 23. Bb7 Nd3 24. Bc7 Nb4 25. a4 Nd3 26. Ke2 Nc5 27. Bd5 Nd7 28. Bf4 Bb4 29. Be3 Nc5 30. f4 Re8 31. Kf3 Kf8 32. g4 f6 33. h4 h6 34. Rg1 Ke7 35. g5 hxg5 36. hxg5 Bc3 37. gxf6+ gxf6 38. Rg7+ Kd6 39. Rg6 Kc7 40. Bxc5 bxc5 41. Kg4 Rh8 42. Kf5 Rh4 43. Rg3 Bd2 44. Rg7+ Kb6 45. Kxf6 Rxf4+ 46. Ke6 Rh4 47. e5 Rh5 48. Rb7+ Ka6 49. Rf7 Be1 50. Rf3 Bh4 51. Kd6 Rh8 52. e6 Rd8+ 53. Kc7 Re8 54. Rb3 Rh8 55. Rh3 1-0